Biggest Cities once in the Austrian Empire - Statistics

General Stats
  • This quiz has been taken 165 times
    163 since last reset
  • The average score is 10 of 20
Answer Stats
Population City % Correct
1,752,286 Budapest
100%
1,911,191 Vienna
99%
1,324,277 Prague
93%
437,726 Bratislava
85%
688,163 Zagreb
85%
779,115 Krakow
72%
288,621 Ljubljana
68%
291,072 Graz
67%
381,346 Brno
59%
259,105 Venice
56%
724,713 L'viv
53%
1,396,059 Milan
47%
324,576 Cluj-Napoca
40%
287,968 Ostrava
26%
319,279 Timisoara
26%
259,608 Verona
19%
253,200 Brasov
10%
266,533 Chernivtsi
7%
529,247 Antwerp
4%
263,927 Ghent
3%
No matching quizzes found
Score Distribution
Percent of People with Each Score
Percentile by Number Answered
Your Score History
You have not taken this quiz since the last reset